[Event "ICS rated blitz match"]
[Site "204.178.125.65"]
[Date "2001.09.17"]
[Round "?"]
[White "Hossa"]
[Black "mate-in8"]
[Result "1-0"]
[WhiteElo "2586"]
[BlackElo "2114"]
[PlyCount "59"]
[EventDate "2001.??.??"]

1. e4 c5 2. Nc3 e6 3. Nf3 Nc6 4. d4 cxd4 5. Nxd4 Nf6 6. Nxc6 bxc6 7. e5 Nd5 8.
Ne4 f5 9. Nd6+ Bxd6 10. exd6 O-O 11. c3 Qb6 12. Be2 Ba6 13. O-O Rab8 14. c4 Nf6
15. b3 c5 16. Re1 Ne4 17. Bf4 Nc3 18. Qc2 Nxe2+ 19. Qxe2 Qc6 20. Qh5 Bb7 21. f3
Rf6 22. Bg5 Rg6 23. Rad1 Kf7 24. Rd2 Re8 25. f4 Kg8 26. Re3 Kf7 27. Qxh7 a5 28.
Qh5 a4 29. Rg3 axb3 30. Bd8 {mate-in8 resigns} 1-0

[Event "ICS rated blitz match"]
[Site "204.178.125.65"]
[Date "2001.09.17"]
[Round "?"]
[White "mate-in8"]
[Black "Hossa"]
[Result "0-1"]
[WhiteElo "2112"]
[BlackElo "2588"]
[PlyCount "70"]
[EventDate "2001.??.??"]

1. e4 e5 2. Bc4 f5 3. Nc3 Nf6 4. d3 fxe4 5. dxe4 Nc6 6. Nge2 Na5 7. Bd3 Be7 8.
O-O O-O 9. f4 Bc5+ 10. Kh1 Ng4 11. Qe1 Nc6 12. f5 Kh8 13. Qg3 Nf6 14. Bg5 b6
15. Qh4 Nb4 16. Rf3 Bb7 17. Rh3 Qe7 18. Ng3 Qf7 19. Bc4 Qxc4 20. Bxf6 Qg8 21.
Bxe5 d6 22. Bf4 Nxc2 23. Rf1 Rae8 24. Bg5 Ba6 25. Rf4 Be3 26. Rg4 Rf7 27. Nh5
Rxf5 28. exf5 Bxg5 29. Rxg5 Qc4 30. Qf2 Re1+ 31. Qxe1 Nxe1 32. Ng3 Nd3 33. Rhh5
Nxb2 34. Nce2 Qc2 35. h3 Bxe2 {mate-in8 resigns} 0-1

[Event "ICS Rated blitz match"]
[Site "204.178.125.65"]
[Date "2001.09.17"]
[Round "?"]
[White "Hossa"]
[Black "perucho"]
[Result "0-1"]
[WhiteElo "2614"]
[BlackElo "2895"]
[PlyCount "129"]
[EventDate "2001.??.??"]

1. d4 e6 2. c4 Bb4+ 3. Bd2 a5 4. g3 d6 5. Bg2 e5 6. Bxb4 axb4 7. dxe5 dxe5 8.
Qxd8+ Kxd8 9. Nd2 Nf6 10. Ngf3 Nc6 11. h3 Ke7 12. O-O Rd8 13. Rfd1 Bf5 14. g4
Bg6 15. Ne1 Ra5 16. Bxc6 bxc6 17. a3 bxa3 18. bxa3 Rda8 19. Nef3 Nd7 20. Kg2
Rxa3 21. Rac1 Ra2 22. Rc3 f6 23. h4 Nc5 24. h5 Bf7 25. Ne1 Be6 26. f3 Na4 27.
Rc2 Rxc2 28. Nxc2 Nc3 29. Ra1 Rb8 30. Ra3 Nxe2 31. Ne3 Rb2 32. Ne4 g6 33. hxg6
hxg6 34. Nf2 Nd4 35. Kg3 f5 36. gxf5 gxf5 37. Kg2 Re2 38. Rc3 f4 39. Ned1 c5
40. Kh1 Bd7 41. Kg2 Bc6 42. Kf1 Ra2 43. Ne4 Ra1 44. Ke1 Nxf3+ 45. Rxf3 Bxe4 46.
Rc3 Ke6 47. Kd2 Bf5 48. Rc1 Ra2+ 49. Kc3 f3 50. Kb3 f2 51. Nxf2 Rxf2 52. Rh1 e4
53. Rd1 Rf3+ 54. Kb2 Rd3 55. Rg1 e3 56. Rg8 Ke5 57. Rg1 e2 58. Re1 Bg4 59. Rg1
Rd1 60. Rxg4 e1=Q 61. Rg5+ Kf4 62. Rd5 Qe2+ 63. Ka3 Rb1 64. Rxc5 Qb2+ 65. Ka4 {
Hossa resigns} 0-1

[Event "ICS rated blitz match"]
[Site "204.178.125.65"]
[Date "2001.09.17"]
[Round "?"]
[White "perucho"]
[Black "Hossa"]
[Result "1-0"]
[WhiteElo "2900"]
[BlackElo "2609"]
[PlyCount "130"]
[EventDate "2001.??.??"]

1. e4 e5 2. f4 exf4 3. Nf3 g5 4. h4 g4 5. Ne5 d6 6. Nxg4 Nf6 7. Nxf6+ Qxf6 8.
Nc3 Nc6 9. d3 Be6 10. Be2 O-O-O 11. O-O Bh6 12. Nd5 Bxd5 13. exd5 Nb4 14. c4
Qd4+ 15. Kh1 Rhg8 16. a3 Na6 17. Rf3 Rde8 18. Ra2 Qf6 19. Qf1 Qxh4+ 20. Rh3 Qg5
21. b4 Re7 22. g3 Qg7 23. gxf4 f5 24. Rc2 Kb8 25. Bb2 Qf8 26. d4 Ka8 27. Bd3
Rg4 28. Bc1 Qe8 29. Re2 Rxe2 30. Qxe2 Qf8 31. Qf2 Qf6 32. Be3 Nb8 33. a4 Na6
34. Qh2 Rg6 35. Rh5 Qe7 36. Bd2 Qf6 37. Bxf5 Rg7 38. Be3 Qf8 39. Qh3 Rf7 40.
Rxh6 Rxf5 41. Rxh7 Qf6 42. b5 Nb8 43. Qg4 Qf8 44. Rxc7 Qh8+ 45. Kg2 Rf8 46. Rg7
Re8 47. Bf2 Rf8 48. Bg3 Rc8 49. c5 dxc5 50. d6 Qe8 51. Re7 Qg8 52. Qxg8 Rxg8
53. dxc5 Rf8 54. c6 bxc6 55. Bf2 c5 56. Bxc5 Nd7 57. Rxd7 Rxf4 58. Rxa7+ Kb8
59. Rg7 Rxa4 60. d7 Kc7 61. Bb6+ Kd6 62. d8=Q+ Ke6 63. Qd7+ Kf6 64. Qf7+ Ke5
65. Rg5+ Kd6 {Hossa resigns} 1-0

[Event "ICS rated blitz match"]
[Site "204.178.125.65"]
[Date "2001.09.17"]
[Round "?"]
[White "TacticalFish"]
[Black "Hossa"]
[Result "0-1"]
[WhiteElo "2082"]
[BlackElo "2606"]
[PlyCount "45"]
[EventDate "2001.??.??"]

1. e4 c5 2. Nc3 Nc6 3. g3 g6 4. Bg2 Bg7 5. h4 Nf6 6. d3 d6 7. Nge2 O-O 8. O-O
Bd7 9. Nf4 Nb4 10. a3 Nc6 11. h5 Re8 12. hxg6 fxg6 13. Nfd5 Nxd5 14. Nxd5 Rf8
15. f4 e6 16. Nc3 Nd4 17. Ne2 Ba4 18. Nxd4 Bxd4+ 19. Kh2 Qc7 20. Re1 c4 21. Be3
Bxb2 22. Ra2 Bc3 23. Ra1 {TacticalFish resigns} 0-1

[Event "ICS rated blitz match"]
[Site "204.178.125.65"]
[Date "2001.09.17"]
[Round "?"]
[White "Hossa"]
[Black "TacticalFish"]
[Result "1-0"]
[WhiteElo "2607"]
[BlackElo "2081"]
[PlyCount "71"]
[EventDate "2001.??.??"]

1. c4 d6 2. Nc3 Nf6 3. d4 g6 4. e4 Bg7 5. Bd3 O-O 6. Nf3 Nc6 7. O-O e5 8. dxe5
Nxe5 9. Nxe5 dxe5 10. Qe2 h6 11. Be3 c6 12. Bc5 Re8 13. Rfd1 Qc7 14. Bc2 b6 15.
Bd6 Qb7 16. Rac1 Be6 17. Bxe5 Bg4 18. f3 Bxf3 19. Qxf3 Rxe5 20. Rd6 Re6 21.
Rcd1 Rxd6 22. Rxd6 Ne8 23. Rd2 Qe7 24. Nd1 Rd8 25. Rf2 f6 26. e5 g5 27. Qxc6
fxe5 28. Qg6 Nf6 29. Ne3 Rf8 30. Nf5 Qc7 31. Nxh6+ Kh8 32. Nf5 Kg8 33. Qxg5 b5
34. cxb5 e4 35. Bb3+ Rf7 36. Qxg7# {TacticalFish checkmated} 1-0

[Event "ICS rated blitz match"]
[Site "204.178.125.65"]
[Date "2001.09.17"]
[Round "?"]
[White "TacticalFish"]
[Black "Hossa"]
[Result "0-1"]
[WhiteElo "2080"]
[BlackElo "2608"]
[PlyCount "59"]
[EventDate "2001.??.??"]

1. e4 c5 2. Nf3 e6 3. d4 cxd4 4. Nxd4 a6 5. a4 d5 6. e5 Nd7 7. f4 Nh6 8. Be2 b6
9. O-O Bc5 10. c3 a5 11. Kh1 O-O 12. Nd2 Ba6 13. Bxa6 Rxa6 14. N2b3 Qh4 15. g3
Qh3 16. Qf3 Ng4 17. Qg2 Qh5 18. Bd2 Re8 19. h3 f5 20. Kg1 Nh6 21. Rae1 Raa8 22.
Be3 Bxd4 23. Nxd4 Nc5 24. b3 Rac8 25. Rb1 Ne4 26. Nb5 Nxc3 27. Nxc3 Rxc3 28.
Bxb6 Ra8 29. Rfc1 Rd3 30. Rd1 {TacticalFish resigns} 0-1

[Event "ICS rated blitz match"]
[Site "204.178.125.65"]
[Date "2001.09.17"]
[Round "?"]
[White "Hossa"]
[Black "SirGawain"]
[Result "1-0"]
[WhiteElo "2609"]
[BlackElo "2212"]
[PlyCount "107"]
[EventDate "2001.??.??"]

1. c4 e5 2. Nc3 Nc6 3. g3 Bb4 4. Bg2 Bxc3 5. bxc3 f5 6. Ba3 Nf6 7. d4 d6 8.
Bxc6+ bxc6 9. dxe5 dxe5 10. Qxd8+ Kxd8 11. Rd1+ Bd7 12. Nf3 Re8 13. Nd2 Kc8 14.
h3 Kb7 15. Nf3 Rad8 16. Ng5 Bc8 17. O-O h6 18. Rxd8 Rxd8 19. Rb1+ Ka8 20. Nf3
Re8 21. Nd2 g5 22. Bc5 Nd7 23. Bb4 c5 24. Ba3 Ba6 25. g4 f4 26. Kg2 e4 27. e3
Ne5 28. exf4 gxf4 29. Nxe4 Nxc4 30. Nxc5 Nxa3 31. Nxa6 Nxb1 32. Nxc7+ Kb7 33.
Nxe8 Nxc3 34. Nd6+ Kc6 35. Nf7 Nxa2 36. Nxh6 Kd7 37. g5 Ke8 38. Kf3 Nc3 39. h4
a5 40. g6 Kf8 41. Nf5 a4 42. h5 a3 43. h6 Nd5 44. h7 Ke8 45. h8=Q+ Kd7 46. Qe5
Kc6 47. Qd6+ Kb5 48. Qxd5+ Kb4 49. Qd2+ Kb3 50. Nd4+ Kc4 51. g7 a2 52. g8=Q+
Kc5 53. Qa5+ Kxd4 54. Qgd5# {SirGawain checkmated} 1-0

[Event "ICS rated blitz match"]
[Site "204.178.125.65"]
[Date "2001.09.17"]
[Round "?"]
[White "SirGawain"]
[Black "Hossa"]
[Result "0-1"]
[WhiteElo "2209"]
[BlackElo "2612"]
[PlyCount "33"]
[EventDate "2001.??.??"]

1. e4 c5 2. Nc3 Nc6 3. Bb5 d6 4. Bxc6+ bxc6 5. f4 Nf6 6. Nf3 g6 7. O-O Bg7 8.
d3 O-O 9. Qe1 Rb8 10. Qh4 Ng4 11. f5 gxf5 12. exf5 Bxf5 13. Ng5 Qd7 14. Bd2
Rxb2 15. Rxf5 Bd4+ 16. Kh1 Qxf5 17. Ne2 {SirGawain resigns} 0-1

[Event "ICS rated blitz match"]
[Site "204.178.125.65"]
[Date "2001.09.17"]
[Round "?"]
[White "Hossa"]
[Black "Calvinchuck"]
[Result "1-0"]
[WhiteElo "2615"]
[BlackElo "2117"]
[PlyCount "34"]
[EventDate "2001.??.??"]

1. e4 e5 2. Nf3 Nc6 3. Bc4 Bc5 4. c3 Nf6 5. d4 exd4 6. cxd4 Bb4+ 7. Bd2 d5 8.
exd5 Nxd5 9. Bxb4 Ndxb4 10. a3 Nd5 11. Bxd5 Qxd5 12. Qe2+ Be6 13. Nc3 Nxd4 14.
Nxd5 Nxe2 15. Nxc7+ Kd7 16. Nxe6 Kxe6 17. Kxe2 Rac8 {Calvinchuck resigns} 1-0

[Event "ICS rated blitz match"]
[Site "204.178.125.65"]
[Date "2001.09.17"]
[Round "?"]
[White "Tinker"]
[Black "Hossa"]
[Result "0-1"]
[WhiteElo "2424"]
[BlackElo "2619"]
[PlyCount "100"]
[EventDate "2001.??.??"]

1. e4 e5 2. Nf3 Nc6 3. Bb5 a6 4. Ba4 Nf6 5. d4 exd4 6. e5 Ne4 7. Nxd4 Bc5 8.
Bxc6 dxc6 9. Be3 O-O 10. O-O Qe8 11. Bf4 f6 12. exf6 Rxf6 13. Be3 Bd6 14. Qd3
Qh5 15. f4 Nc5 16. Qc4+ Kh8 17. Nc3 a5 18. Kh1 Bg4 19. Nce2 Rh6 20. Bg1 Ne4 21.
Qd3 Bxe2 22. Qxe4 Re8 23. Qxe8+ Qxe8 24. Rae1 Kg8 25. Rxe2 Qf7 26. a4 c5 27.
Nb5 Qc4 28. Rfe1 Rf6 29. b3 Qxf4 30. Re4 Qg5 31. Na3 Rg6 32. R4e2 b6 33. Nc4
Bf4 34. Re8+ Kf7 35. R1e2 Rh6 36. R8e4 Bg3 37. Nd2 Qh5 38. R2e3 Bxh2 39. g4 Qd5
40. Bxh2 Qxd2 41. Re7+ Kf6 42. R7e6+ Kg5 43. R6e5+ Kxg4 44. Rg3+ Kf4 45. Rg2+
Rxh2+ 46. Kxh2 Qxg2+ 47. Kxg2 Kxe5 48. Kf2 Kd4 49. Ke2 Kc3 50. Kd1 h5 {
Tinker resigns} 0-1

[Event "ICS rated blitz match"]
[Site "204.178.125.65"]
[Date "2001.09.17"]
[Round "?"]
[White "Hossa"]
[Black "QueenMaxima"]
[Result "1-0"]
[WhiteElo "2627"]
[BlackElo "2475"]
[PlyCount "107"]
[EventDate "2001.??.??"]

1. e4 c6 2. d4 d5 3. Nc3 b5 4. a3 dxe4 5. Nxe4 Bf5 6. Ng3 Bg6 7. Nf3 e6 8. Ne5
Qd5 9. Be2 Qxg2 10. Bf3 Qh3 11. Nxc6 Nd7 12. Ne5 Rd8 13. Bc6 Bd6 14. Nxd7 Rxd7
15. Qe2 a6 16. a4 Ne7 17. Bxd7+ Kxd7 18. axb5 Qg2 19. Rf1 Qxh2 20. bxa6 Bxg3
21. fxg3 Qxg3+ 22. Kd1 Qd6 23. Qb5+ Qc6 24. c4 Ra8 25. Bd2 Nf5 26. Rf4 Qxb5 27.
cxb5 Nd6 28. b6 f6 29. Bb4 e5 30. Bxd6 Bh5+ 31. Kd2 exf4 32. b7 Bf3 33. Bxf4
Re8 34. Re1 Rf8 35. b8=R Rxb8 36. Bxb8 Bd5 37. Rc1 g5 38. Rc5 Ba8 39. Rc7+ Ke6
40. b4 h6 41. b5 h5 42. b6 Be4 43. a7 Kf5 44. Rc5+ Ke6 45. d5+ Bxd5 46. Rxd5
Kxd5 47. a8=Q+ Ke6 48. Qc6+ Kf7 49. b7 Ke7 50. Bd6+ Ke6 51. Qe4+ Kf7 52. b8=Q
f5 53. Qxf5+ Kg7 54. Qbf8# {QueenMaxima checkmated} 1-0

[Event "ICS rated blitz match"]
[Site "204.178.125.65"]
[Date "2001.09.17"]
[Round "?"]
[White "QuarkX"]
[Black "Hossa"]
[Result "1-0"]
[WhiteElo "2589"]
[BlackElo "2636"]
[PlyCount "96"]
[EventDate "2001.??.??"]

1. c4 e5 2. Nc3 Bb4 3. Nd5 Ba5 4. b4 c6 5. bxa5 cxd5 6. cxd5 Qxa5 7. Qb3 Nf6 8.
Nf3 e4 9. Ng5 O-O 10. Bb2 Re8 11. e3 h6 12. Nh3 Qd8 13. Rc1 d6 14. Nf4 Nbd7 15.
Bb5 Rf8 16. Qb4 Ne5 17. Ba3 a6 18. Be2 Re8 19. Qxd6 Qxd6 20. Bxd6 g5 21. d4
exd3 22. Nxd3 Nxd3+ 23. Bxd3 Nxd5 24. Kd2 Rd8 25. Bc5 Be6 26. h4 g4 27. f3 b6
28. Bd4 Nb4 29. fxg4 Bxa2 30. Bf5 a5 31. g5 h5 32. g4 hxg4 33. Bxg4 Bd5 34.
Rhf1 b5 35. Be2 Bc6 36. Rf6 Ra6 37. Rh6 Kf8 38. Ke1 Rd5 39. Bf6 Nd3+ 40. Bxd3
Ke8 41. Be4 Kd7 42. Rxc6 Rxc6 43. Bxd5 Rc1+ 44. Kd2 Rf1 45. Be5 Ke7 46. Bc6 f6
47. Rxf6 Rxf6 48. gxf6+ Ke6 {Hossa resigns} 1-0

[Event "ICS rated standard match"]
[Site "204.178.125.65"]
[Date "2001.09.17"]
[Round "?"]
[White "Hossa"]
[Black "diep"]
[Result "0-1"]
[WhiteElo "2348"]
[BlackElo "2403"]
[PlyCount "186"]
[EventDate "2001.??.??"]

1. e4 Nf6 2. e5 Nd5 3. d4 d6 4. c4 Nb6 5. exd6 exd6 6. Bd3 Nc6 7. Ne2 Be7 8.
O-O Nb4 9. Be4 O-O 10. a3 d5 11. Bf3 Nc6 12. c5 Nc4 13. Nf4 Be6 14. b3 N4a5 15.
Be3 Bg5 16. Ra2 Bxf4 17. Bxf4 Rc8 18. Nc3 Qf6 19. Be3 Ne7 20. Ne2 Nf5 21. Qd2
b6 22. Rb2 Nxe3 23. fxe3 Qf5 24. Nf4 Rce8 25. Qe1 c6 26. Qb4 Rb8 27. Rbf2 Rfe8
28. Bh5 Qg5 29. cxb6 axb6 30. Nxe6 Qxh5 31. Rxf7 Qxf7 32. Rxf7 Kxf7 33. Qd6 h6
34. Nc7 Re4 35. Nxd5 Rbe8 36. Qc7+ Kg8 37. Qxb6 cxd5 38. Qxa5 Rxe3 39. Qxd5+
Kh8 40. Qb5 R3e7 41. a4 Rd8 42. a5 Rxd4 43. Qc5 Rd1+ 44. Kf2 Rd2+ 45. Kg3 Rd3+
46. Kg4 Re4+ 47. Kf5 Re2 48. a6 Rd8 49. Qc6 Ra2 50. Qb7 Rf8+ 51. Ke4 Rf6 52. b4
Rfxa6 53. h4 Rf6 54. g3 Rff2 55. b5 Rab2 56. Ke5 Rfd2 57. Ke6 Kh7 58. Qe4+ Kh8
59. Qa8+ Kh7 60. Qa4 Re2+ 61. Kd6 Rbc2 62. Qb4 Red2+ 63. Ke5 Re2+ 64. Kf4 Rb2
65. Qa3 Red2 66. Ke3 Kg8 67. Qa8+ Kh7 68. Qe4+ Kg8 69. Qe6+ Kh7 70. Qf5+ Kh8
71. Qc8+ Kh7 72. Qc4 Rg2 73. Qe4+ Kh8 74. Kf4 Rbf2+ 75. Kg4 h5+ 76. Kxh5 Rxg3
77. Qg6 Rxg6 78. Kxg6 Rb2 79. b6 Rxb6+ 80. Kh5 g6+ 81. Kg5 Kg7 82. Kf4 Re6 83.
Kf3 Kh6 84. Kg4 Re7 85. Kg3 Kh5 86. Kh3 Re3+ 87. Kg2 Kg4 88. Kf2 Re4 89. Kg2
Rf4 90. Kh1 Rf2 91. Kg1 Kg3 92. h5 gxh5 93. Kh1 Rf1# {Hossa checkmated} 0-1

[Event "ICS rated blitz match"]
[Site "204.178.125.65"]
[Date "2001.09.17"]
[Round "?"]
[White "Hossa"]
[Black "Dorky"]
[Result "1/2-1/2"]
[WhiteElo "2620"]
[BlackElo "2512"]
[PlyCount "136"]
[EventDate "2001.??.??"]

1. c4 f5 2. d4 d6 3. Bf4 Nf6 4. Nf3 e6 5. g3 Be7 6. Bg2 O-O 7. O-O c5 8. dxc5
dxc5 9. Qc2 Nc6 10. Rd1 Qe8 11. Nc3 Nh5 12. Bc7 Qg6 13. Ne5 Nxe5 14. Bxe5 Nf6
15. Qb3 Ng4 16. Bxb7 Bxb7 17. Qxb7 Qh6 18. h4 Nxe5 19. Qxe7 Nxc4 20. Na4 Rfe8
21. Qg5 Qxg5 22. hxg5 Rad8 23. Rac1 Rxd1+ 24. Rxd1 Kf7 25. Rc1 Nd6 26. Nxc5 Rc8
27. f3 Kg6 28. b4 e5 29. Rd1 Nb5 30. Rd7 Rc7 31. Kf2 Kh5 32. Ke3 Rxd7 33. Nxd7
e4 34. Nf8 Kxg5 35. Nxh7+ Kh5 36. fxe4 fxe4 37. Nf8 Nc3 38. a3 Kg4 39. Ne6 g6
40. Nd8 Kxg3 41. Nc6 Nb1 42. a4 Nc3 43. Nxa7 Nxa4 44. Nb5 g5 45. Nd6 g4 46.
Nxe4+ Kh3 47. Kf4 Kh4 48. b5 Nb6 49. Nf6 Na4 50. Nxg4 Nc3 51. e4 Nxb5 52. Nf6
Nd4 53. e5 Ne6+ 54. Kf5 Nd4+ 55. Ke4 Ne6 56. Kd5 Nf4+ 57. Kd6 Kg5 58. Nd5 Ne2
59. Nc7 Kg6 60. Nb5 Nf4 61. Nd4 Kf7 62. Nf5 Kf8 63. Nh6 Nd3 64. e6 Nf4 65. e7+
Ke8 66. Nf5 Ne6 67. Ng7+ Nxg7 68. Kc7 Kxe7 {
Game drawn because neither player has mating material} 1/2-1/2

[Event "ICS rated blitz match"]
[Site "204.178.125.65"]
[Date "2001.09.17"]
[Round "?"]
[White "pereta2002"]
[Black "Hossa"]
[Result "0-1"]
[WhiteElo "2336"]
[BlackElo "2615"]
[PlyCount "86"]
[EventDate "2001.??.??"]

1. e4 c5 2. d4 cxd4 3. c3 g6 4. cxd4 d5 5. e5 Bg7 6. Nc3 Nc6 7. f4 Nh6 8. Nf3
O-O 9. Bd3 Nb4 10. Bb1 Be6 11. a3 Nc6 12. O-O Rc8 13. Be3 Qd7 14. h3 Na5 15.
Ng5 Nc4 16. Qe2 Bf5 17. Bxf5 Nxf5 18. Bf2 e6 19. g4 Ne7 20. Bh4 Rc6 21. Rfc1 f6
22. Nf3 fxe5 23. fxe5 Nxb2 24. Ng5 Nc4 25. Rf1 Rcc8 26. Rxf8+ Bxf8 27. Rf1 Nxa3
28. Rf7 h6 29. Qd3 hxg5 30. Rxe7 Bxe7 31. Qxg6+ Kf8 32. Qh6+ Ke8 33. Qg6+ Kd8
34. Bxg5 Rxc3 35. Bxe7+ Qxe7 36. Qg8+ Kc7 37. Qg6 Rxh3 38. g5 Qf8 39. Qf6 Rf3
40. Qf7+ Rxf7 41. g6 Rf1+ 42. Kg2 Qf3+ 43. Kh2 Rh1# {pereta2002 checkmated} 0-1

[Event "ICS rated blitz match"]
[Site "204.178.125.65"]
[Date "2001.09.17"]
[Round "?"]
[White "Hossa"]
[Black "pereta2002"]
[Result "1-0"]
[WhiteElo "2620"]
[BlackElo "2331"]
[PlyCount "65"]
[EventDate "2001.??.??"]

1. e4 e5 2. Nf3 f5 3. exf5 d6 4. d4 e4 5. Ng5 Nf6 6. Ne6 Bxe6 7. fxe6 d5 8. f3
Qd6 9. fxe4 Nxe4 10. Be2 Qxe6 11. O-O Nc6 12. Bg4 Qg6 13. Bh5 Bd6 14. Bxg6+
hxg6 15. Bf4 O-O-O 16. Nc3 Rh4 17. Nxd5 Rdh8 18. Qe1 Rxh2 19. Qxe4 Rh1+ 20. Kf2
Bxf4 21. Rxh1 Bh6 22. Qe6+ Kb8 23. Qf7 a6 24. Qxc7+ Ka7 25. Rad1 Rf8+ 26. Ke2
Re8+ 27. Kd3 Nb4+ 28. Nxb4 Re3+ 29. Kc4 Re8 30. Nc6+ Ka8 31. Rde1 Rg8 32. Re7
Rc8 33. Qxc8# {pereta2002 checkmated} 1-0

[Event "ICS rated blitz match"]
[Site "204.178.125.65"]
[Date "2001.09.17"]
[Round "?"]
[White "ChesterX"]
[Black "Hossa"]
[Result "1-0"]
[WhiteElo "2724"]
[BlackElo "2625"]
[PlyCount "150"]
[EventDate "2001.??.??"]

1. e4 c5 2. Nf3 Nc6 3. d4 cxd4 4. Nxd4 Nf6 5. Nc3 Rb8 6. Nxc6 bxc6 7. e5 Ng8 8.
Bc4 d6 9. O-O d5 10. Bb3 Ba6 11. Re1 e6 12. Be3 Rb7 13. Qg4 Rb4 14. Qf3 Rb7 15.
Na4 Nh6 16. Bxh6 gxh6 17. Rad1 Rg8 18. c3 Qg5 19. Rd4 c5 20. Rdd1 c4 21. Bc2
Bb5 22. Rd4 Qg7 23. b4 cxb3 24. axb3 Be7 25. Rf4 Bg5 26. Rg4 h5 27. Rd4 Bxa4
28. Rxa4 Bd2 29. Rd1 Qxe5 30. Rd4 Bh6 31. c4 Rg4 32. Rxg4 hxg4 33. Qxg4 Rb4 34.
Qh3 Bf8 35. cxd5 Rd4 36. Rc1 Qxd5 37. Qxh7 Rd2 38. b4 Qd4 39. Ba4+ Ke7 40. Rf1
a5 41. Qh5 Qxb4 42. Bc6 Rc2 43. Bf3 Bg7 44. Qh7 Qc3 45. Qe4 Bd4 46. Bd1 Rb2 47.
Qh4+ Bf6 48. Qe4 Qd2 49. Bh5 Bd4 50. Qf3 f5 51. Qg3 f4 52. Qg5+ Kd7 53. Qg6
Bxf2+ 54. Kh1 Bd4 55. Rd1 Qf2 56. Qg7+ Kc6 57. Bf3+ Kc5 58. Qa7+ Kb5 59. Qd7+
Kc5 60. Qxe6 Rd2 61. Rc1+ Kb4 62. Qc4+ Ka3 63. Qb5 a4 64. Bc6 Qe2 65. Qxa4+ Kb2
66. Ra1 Kc3 67. Bd5 Bc5 68. Rc1+ Rc2 69. Qa1+ Kd3 70. Rd1+ Qxd1+ 71. Qxd1+ Kc3
72. Qe1+ Rd2 73. Qc1+ Rc2 74. Qxf4 Bd4 75. g4 Bc5 {Hossa resigns} 1-0

[Event "ICS Rated standard match"]
[Site "204.178.125.65"]
[Date "2001.09.17"]
[Round "?"]
[White "QuarkX"]
[Black "Hossa"]
[Result "0-1"]
[WhiteElo "2428"]
[BlackElo "2335"]
[PlyCount "149"]
[EventDate "2001.??.??"]

1. e4 c5 2. Nf3 d6 3. d4 cxd4 4. Nxd4 Nf6 5. Nc3 a6 6. Be3 Nbd7 7. f3 e6 8. g4
Qb6 9. Rb1 Qd8 10. g5 Nh5 11. Qd2 b5 12. Bh3 g6 13. O-O Bb7 14. Bxe6 fxe6 15.
Nxe6 Qc8 16. Nd5 Kf7 17. Nec7 Rb8 18. Ba7 Be7 19. Nxe7 Qxc7 20. Nd5 Qc6 21. Nb4
Qc7 22. Bxb8 Rxb8 23. Kh1 Nb6 24. b3 Rf8 25. c3 Kg8 26. Rbd1 Nc8 27. Nd5 Qf7
28. c4 bxc4 29. bxc4 Bxd5 30. cxd5 Nf4 31. Rb1 Qe7 32. Rg1 Qd7 33. Rg4 Nh5 34.
Qd1 a5 35. Qb3 Qc7 36. Rg2 Qf7 37. Rc2 Nf4 38. Qe3 Qd7 39. Rb8 Qh3 40. Kg1 Qd7
41. a4 Re8 42. h4 Nh5 43. Ra8 Qh3 44. Qf2 Qd7 45. Rxa5 Rf8 46. Ra6 Nf4 47. Qf1
Ne7 48. Kh2 Rb8 49. a5 Qa4 50. Rd2 Rf8 51. Qd1 Qd7 52. Kh1 Nh5 53. Rc2 Qh3+ 54.
Rh2 Qg3 55. Qe2 Rxf3 56. Ra8+ Kg7 57. Rg2 Qxh4+ 58. Kg1 Qf4 59. Rd8 Qc1+ 60.
Kh2 Rh3+ 61. Kxh3 Nf4+ 62. Kg4 Nxe2 63. Rxe2 Qf1 64. Rb2 Qd1+ 65. Kg3 Qe1+ 66.
Kh2 Qh4+ 67. Kg1 Qxg5+ 68. Rg2 Qc1+ 69. Kh2 Qf4+ 70. Kg1 Qxe4 71. Rd7 Qe1+ 72.
Kh2 Qe5+ 73. Kg1 Kf6 74. Rf2+ Nf5 75. a6 {QuarkX resigns} 0-1

[Event "ICS rated blitz match"]
[Site "204.178.125.65"]
[Date "2001.09.18"]
[Round "?"]
[White "NewHal9000"]
[Black "Hossa"]
[Result "1-0"]
[WhiteElo "2837"]
[BlackElo "2613"]
[PlyCount "130"]
[EventDate "2001.??.??"]

1. c4 e5 2. g3 Nf6 3. Bg2 d5 4. cxd5 Nxd5 5. Nc3 Nb6 6. Nf3 Nc6 7. O-O Be7 8.
a3 O-O 9. b4 Be6 10. Rb1 f6 11. d3 a5 12. b5 Nd4 13. Nd2 Bd5 14. Nxd5 Nxd5 15.
Ne4 f5 16. e3 fxe4 17. exd4 exd4 18. Bxe4 Nc3 19. Qb3+ Kh8 20. Ra1 Qd7 21. Re1
Rab8 22. Bd2 a4 23. Qc4 Nxb5 24. Qxa4 c6 25. Qd1 g6 26. Qb3 Ra8 27. Bh6 Rf6 28.
a4 Nc3 29. Bg2 Bc5 30. a5 Qf7 31. Qxf7 Rxf7 32. a6 bxa6 33. Bxc6 Rb8 34. Rxa6
Kg8 35. Re8+ Rxe8 36. Bxe8 Ra7 37. Rxa7 Bxa7 38. f4 Bb8 39. h4 Nd5 40. Ba4 Nb4
41. Bb3+ Kh8 42. Bc4 Bd6 43. Kf2 Nc2 44. g4 Ne3 45. Be6 Be7 46. h5 Bb4 47. Kf3
Be7 48. Ke4 Bf6 49. g5 Be7 50. Kxd4 Nf1 51. f5 gxf5 52. Bxf5 Ng3 53. Bg4 Kg8
54. g6 Bf6+ 55. Ke3 Be5 56. Kf3 Nf1 57. Kg2 Ng3 58. g7 Bxg7 59. Bxg7 Ne2 60. h6
Kf7 61. Bxe2 Kg6 62. d4 Kg5 63. Bd3 Kf4 64. Bxh7 Ke3 65. d5 Ke2 {Hossa resigns}
1-0

[Event "ICS rated blitz match"]
[Site "204.178.125.65"]
[Date "2001.09.18"]
[Round "?"]
[White "Hossa"]
[Black "QueenMaxima"]
[Result "1/2-1/2"]
[WhiteElo "2606"]
[BlackElo "2436"]
[PlyCount "118"]
[EventDate "2001.??.??"]

1. c4 c6 2. Nc3 Nf6 3. Nf3 d5 4. cxd5 cxd5 5. e3 Nc6 6. d4 Bf5 7. Be2 e6 8. Nh4
Be4 9. f3 Bg6 10. Nxg6 hxg6 11. Bd2 Rc8 12. f4 Bb4 13. Bd3 Bxc3 14. Bxc3 Ne4
15. Bxe4 dxe4 16. Qb3 Rc7 17. Qc2 Qh4+ 18. Qf2 Qh5 19. h3 Qd5 20. O-O O-O 21.
Qh4 Rfc8 22. Rfe1 f6 23. Rf1 Kf7 24. g4 Qb5 25. Qh7 Qe2 26. Rae1 Qc4 27. g5 Qd5
28. Rf2 f5 29. Ra1 Rd8 30. h4 Rcc8 31. h5 Ne7 32. h6 Rg8 33. Bb4 Qd8 34. Bxe7
Qxe7 35. Rd2 Qb4 36. Rad1 Qb6 37. Kh1 Rc7 38. Rh2 Qa6 39. a3 Qa4 40. Rhd2 Qb3
41. d5 exd5 42. Rxd5 Qxe3 43. Rd7+ Rxd7 44. Rxd7+ Ke8 45. Qxg8+ Kxd7 46. Qxg7+
Kd8 47. Qf6+ Kd7 48. Qf7+ Kd8 49. Qd5+ Ke8 50. Qe6+ Kd8 51. Qd6+ Kc8 52. b3
Qe1+ 53. Kg2 Qe2+ 54. Kg1 Qe1+ 55. Kh2 Qe2+ 56. Kg3 Qf3+ 57. Kh2 Qe2+ 58. Kg3
Qf3+ 59. Kh2 Qe2+ {Game drawn by repetition} 1/2-1/2

[Event "ICS rated blitz match"]
[Site "204.178.125.65"]
[Date "2001.09.18"]
[Round "?"]
[White "QueenMaxima"]
[Black "Hossa"]
[Result "1-0"]
[WhiteElo "2443"]
[BlackElo "2599"]
[PlyCount "191"]
[EventDate "2001.??.??"]

1. e4 e5 2. Nf3 Nc6 3. Bc4 Nf6 4. Ng5 d5 5. exd5 Na5 6. d3 c6 7. dxc6 Nxc4 8.
dxc4 Qxd1+ 9. Kxd1 bxc6 10. Re1 h6 11. Rxe5+ Be7 12. Nf3 Bg4 13. Nbd2 c5 14. a4
Be6 15. b3 O-O 16. Re1 Rad8 17. h3 Rfe8 18. Bb2 Nh7 19. Kc1 Nf8 20. Ne4 Ng6 21.
Ba3 Rc8 22. g4 Nf4 23. Ng1 Rc7 24. Kb2 a5 25. Rad1 Rb8 26. Ka2 Ng2 27. Re2 Nf4
28. Re3 Ng2 29. Rg3 Nf4 30. Bb2 f6 31. Rf3 Ng2 32. Rfd3 Nf4 33. R3d2 h5 34. Bc3
Ra7 35. f3 h4 36. Rh2 Bf7 37. Be1 Ng6 38. Rhd2 Be6 39. Bf2 Rc7 40. Nd6 Rb6 41.
Nf5 Bxf5 42. gxf5 Ne5 43. Bxh4 Rcb7 44. f4 Nf7 45. Be1 Bd6 46. Re2 Ra7 47. Re8+
Kh7 48. Rd5 Rba6 49. Bf2 Rc7 50. Nf3 Be7 51. Rb8 Bd6 52. Rb5 Rc8 53. Bxc5 Bxf4
54. Bd4 Bc7 55. Rd7 Nd8 56. Bc3 Kh6 57. Nd4 Kh7 58. Rbd5 Raa8 59. Nb5 Be5 60.
Bxe5 fxe5 61. f6 Ne6 62. Rxe5 Rc6 63. Nd6 Rd8 64. Rxd8 Nxd8 65. f7 Nxf7 66.
Nxf7 Kg6 67. Nd8 Rc8 68. Nb7 Rc7 69. Nxa5 Rf7 70. b4 Rf3 71. h4 Rf4 72. h5+ Kf6
73. Rd5 Re4 74. Rd6+ Kf7 75. h6 gxh6 76. Rxh6 Kg7 77. Rd6 Re3 78. Kb2 Re4 79.
Kc3 Re3+ 80. Rd3 Re1 81. Nc6 Kf6 82. b5 Rc1 83. a5 Rb1 84. Rd6+ Kg5 85. a6 Ra1
86. b6 Ra3+ 87. Kd4 Rxa6 88. b7 Rb6 89. Rd5+ Kf6 90. Rb5 Rxc6 91. b8=Q Ra6 92.
Qf8+ Kg6 93. Qf5+ Kh6 94. Qg5+ Kh7 95. Rb7+ Kh8 96. Qg7# {Hossa checkmated} 1-0